| 000 | 00712nam a2200217 a 4500 | ||
|---|---|---|---|
| 005 | 20240924065141.0 | ||
| 008 | 991125s1991 mx 000 0 spa u | ||
| 020 | _a9682933757 | ||
| 035 | _aUPN01000027220 | ||
| 049 | _aI | ||
| 050 | 4 |
_aLB1050 M6 _bH32 |
|
| 245 | 0 | 0 |
_aHaceres, quehaceres y deshaceres : _bcon la lengua escrita en la escuela rural / _cEmilia Ferreiro ... [et al.]. |
| 260 |
_aMéxico : _bSEP, Libros del Rincón, _c1991. |
||
| 300 | _a72 p. | ||
| 440 | 0 | _aBiblioteca del maestro | |
| 650 | 4 |
_aEducación rural _zMéxico _94430 |
|
| 650 | 4 |
_aEscritura _xEstudio y enseñanza (Elemental) _92804 |
|
| 700 | 1 |
_aFerreiro, Emilia, _d1937- _ecoaut. _930158 |
|
| 905 | _aInfantil | ||
| 999 |
_c27220 _d27220 |
||